00182nam a2200085Ia 4500008004100000020001400041082001200055100001800067245001100085220622s9999 xx 000 0 und d a620152052 aEJF SER aSERVANT,DIANA 0aTHEMBA